5HLuxD.jpg

KING HENRY VIII SENIOR AND PRIMARY SCHOOL LIBRARY OPAC

Western pony / (Record no. 3105)

000 -LEADER
fixed length control field 00911nam a22002537a 4500
005 - DATE AND TIME OF LATEST TRANSACTION
control field 20231009104455.0
008 - FIXED-LENGTH DATA ELEMENTS--GENERAL INFORMATION
fixed length control field 231009b ||||| |||| 00| 0 eng d
020 ## - INTERNATIONAL STANDARD BOOK NUMBER
International Standard Book Number 9781741691030
040 ## - CATALOGING SOURCE
Transcribing agency KH8
082 ## - DEWEY DECIMAL CLASSIFICATION NUMBER
Classification number FIC BET
100 ## - MAIN ENTRY--PERSONAL NAME
Personal name Betancourt, Jeanne
Relator term Authors
245 ## - TITLE STATEMENT
Title Western pony /
Statement of responsibility, etc. Jeanne Betancourt
260 ## - PUBLICATION, DISTRIBUTION, ETC.
Place of publication, distribution, etc. Gosford, N.S.W.,
Name of publisher, distributor, etc. Scholastic,
Date of publication, distribution, etc. 2008
300 ## - PHYSICAL DESCRIPTION
Extent 87 pages :
Other physical details illustrations ;
Dimensions 20 cm
440 ## - SERIES STATEMENT/ADDED ENTRY--TITLE
Title Pony pals,
Volume/sequential designation 22
500 ## - GENERAL NOTE
General note Originally published: 1999
520 ## - SUMMARY, ETC.
Summary, etc. After coming home from vacation, Lulu is upset to learn that her beloved horse, Snow White, is missing and becomes even more enraged to learn that she had been ridden by a strange boy without her permission while she was away
521 ## - TARGET AUDIENCE NOTE
Target audience note RL 007-010.
650 ## - SUBJECT ADDED ENTRY--TOPICAL TERM
Topical term or geographic name entry element Fiction
650 ## - SUBJECT ADDED ENTRY--TOPICAL TERM
Topical term or geographic name entry element Friendship
650 ## - SUBJECT ADDED ENTRY--TOPICAL TERM
Topical term or geographic name entry element Horses Fiction
700 ## - ADDED ENTRY--PERSONAL NAME
Personal name Vivien Kubbos
Relator term Illustrator
942 ## - ADDED ENTRY ELEMENTS (KOHA)
Source of classification or shelving scheme
Koha item type Books - Fiction
Holdings
Withdrawn status Lost status Source of classification or shelving scheme Damaged status Not for loan Collection code Permanent Location Current Location Shelving location Date acquired Total Checkouts Full call number Barcode Date last seen Date last checked out Price effective from Koha item type
          Fiction KH8 Primary School Library KH8 Primary School Library Fiction 2023-10-09 1 FIC BET KHPL000004315 2025-12-05 2025-01-16 2023-10-09 Books - Fiction

Powered By KH8 IT Dept